Celebrating Excellence in Indian Journalism: (Record no. 204736)
[ view plain ]
| 000 -LEADER | |
|---|---|
| fixed length control field | 00739nam a22002417a 4500 |
| 005 - DATE AND TIME OF LATEST TRANSACTION | |
| control field | 20240814113655.0 |
| 008 - FIXED-LENGTH DATA ELEMENTS--GENERAL INFORMATION | |
| fixed length control field | 970904m19271929ii a 001 0aeng |
| 010 ## - LCCN (DPL NO) | |
| LC control number | ENG-141147-47 |
| 020 ## - INTERNATIONAL STANDARD BOOK NUMBER | |
| Terms of availability | 1500.00 |
| 035 ## - SYSTEM CONTROL NUMBER | |
| System control number | EN-124679-80 |
| 037 ## - SOURCE OF ACQUISITION | |
| Source of stock number/acquisition | DBAD |
| 040 ## - CATALOGING SOURCE | |
| Original cataloging agency | DPL |
| 082 ## - DEWEY DECIMAL CLASSIFICATION NUMBER | |
| Classification number | 070.40954 |
| Edition number | 1 |
| 245 ## - TITLE STATEMENT | |
| Title | Celebrating Excellence in Indian Journalism: |
| Remainder of title | Polestar Awards A Compendium 1999-2013/ |
| Statement of responsibility, etc | By Polestar Foundation |
| 250 ## - EDITION STATEMENT | |
| Edition statement | 3 |
| 260 ## - PUBLICATION, DISTRIBUTION, ETC. (IMPRINT) | |
| Place of publication, distribution, etc | Tamil Nadu |
| Name of publisher, distributor, etc | The PoleStar Foundation |
| 270 ## - ADDRESS | |
| Address | 244, Anna Salai, Chennai |
| City | Tamil Nadu |
| Postal code | 600006 |
| 300 ## - PHYSICAL DESCRIPTION | |
| Extent | 351p. |
| Dimensions | 22cm(hb) |
| 300 ## - PHYSICAL DESCRIPTION | |
| Extent | 379p. |
| Dimensions | 22cm(hb) |
| 490 ## - SERIES STATEMENT | |
| Volume number/sequential designation | Vol 1, Vol 2 |
| 650 ## - SUBJECT ADDED ENTRY--TOPICAL TERM | |
| Topical term or geographic name as entry element | Leadership |
| 9 (RLIN) | 69287 |
| 942 ## - ADDED ENTRY ELEMENTS (KOHA) | |
| Source of classification or shelving scheme | Dewey Decimal Classification |
| Item type | English Books |
| Call number suffix | CEL |
| Classification part | 070.40954 |
| Withdrawn status | Lost status | Source of classification or shelving scheme | Materials specified (bound volume or other part) | Damaged status | Not for loan | Collection code | Home library | Current library | Date acquired | Source of acquisition | Cost, normal purchase price | Total Checkouts | Full call number | Barcode | Date last seen | Copy number | Cost, replacement price | Koha item type |
|---|---|---|---|---|---|---|---|---|---|---|---|---|---|---|---|---|---|---|
| Dewey Decimal Classification | Vol 1 | Non-fiction | Patel Nagar | Patel Nagar | 02/08/2024 | Delivery of Books Act Division | 750.00 | CEL 070.40954 | EN-124679 | 02/08/2024 | 1 | 750.00 | English Books | |||||
| Dewey Decimal Classification | VOL 2 | Non-fiction | Patel Nagar | Patel Nagar | 02/08/2024 | Delivery of Books Act Division | 750.00 | CEL 070.40954 | EN-124680 | 02/08/2024 | 1 | 750.00 | English Books |
